[Event "Montreal Grand Prix"]
[Site "Montreal"]
[Date "1995.05.21"]
[Round "4"]
[White "Beregovoy, Alexander"]
[Black "Linskiy, Oleg M"]
[Result "1-0"]
[WhiteElo "2282"]
[BlackElo "2358"]
[PlyCount "75"]
[EventDate "1995.05.19"]
[EventType "swiss"]
[EventRounds "5"]
[EventCountry "CAN"]
[SourceTitle "EXT 2022"]
[Source "ChessBase"]
[SourceDate "2021.10.06"]
[SourceVersion "1"]
[SourceVersionDate "2021.10.06"]
[SourceQuality "1"]

1. d4 d5 2. c4 Bf5 3. cxd5 Bxb1 4. Rxb1 Qxd5 5. a3 Nc6 6. Nf3 0-0-0 7. Qc2 Nxd4 8. Nxd4 Qxd4 9. g3 e6 10. Bg2 Qc5 11. Qa4 a6 12. 0-0 Nf6 13. b4 Qc4 14. Be3 Nd5 15. Rfc1 Qb5 16. Qc2 Qd7 17. Ba7 Bd6 18. e4 Nf6 19. b5 axb5 20. e5 Bxe5 21. Qa4 Nd5 22. Rxb5 c6 23. Bd4 Bb8 24. Qa8 f6 25. Bxd5 exd5 26. Rxb7 Qxb7 27. Rxc6+ Qc7 28. Bb6 Kd7 29. Rxc7+ Bxc7 30. Qxd5+ Bd6 31. Bxd8 Rxd8 32. a4 Ke7 33. a5 Bxg3 34. Qe4+ Be5 35. a6 Rd7 36. f4 Rd4 37. Qb7+ Rd7 38. fxe5 1-0

[Event "Quebec-ch"]
[Site "Quebec"]
[Date "1994.??.??"]
[Round "8"]
[White "Beregovoy, Alexander"]
[Black "O'Donnell, Tom"]
[Result "1-0"]
[WhiteElo "2305"]
[BlackElo "2385"]
[PlyCount "107"]
[EventDate "1994.??.??"]
[EventType "tourn"]
[EventRounds "9"]
[EventCountry "CAN"]
[EventCategory "2"]
[SourceTitle "EXT 1997"]
[Source "ChessBase"]
[SourceDate "1996.11.15"]
[SourceVersion "1"]
[SourceVersionDate "1996.11.15"]
[SourceQuality "1"]

1. d4 g6 2. Nf3 d6 3. Bf4 Bg7 4. e3 f5 5. c3 Nf6 6. Bc4 e6 7. h3 0-0 8. Nbd2 Qe7 9. 0-0 Nbd7 10. Bh2 Ne4 11. Qc2 Ndf6 12. Bd3 d5 13. c4 c6 14. Ne5 Bd7 15. b4 g5 16. a4 Be8 17. b5 h5 18. bxc6 bxc6 19. c5 g4 20. Bxe4 fxe4 21. Bf4 gxh3 22. gxh3 Nd7 23. Nxc6 Qh4 24. Kg2 Rxf4 25. exf4 Nf8 26. Ne5 Qxf4 27. Ra3 h4 28. Qc3 Ng6 29. Ng4 Bc6 30. Qe3 Rd8 31. Rg1 Kh7 32. Kf1 Qf5 33. Ne5 Bh6 34. Qxh6+ Kxh6 35. Rxg6+ Kh7 36. Rg4 Be8 37. Rxh4+ Bh5 38. Rg3 Rf8 39. Ng4 e3 40. Nf3 Qb1+ 41. Kg2 Rxf3 42. Rxh5+ Kg6 43. Rh6+ Kg7 44. Rxf3 e2 45. Rxe6 e1N+ 46. Rxe1 Qxe1 47. c6 Qc1 48. Ne5 Kh6 49. Rf7 a5 50. c7 Qc2 51. Rf6+ Kg5 52. Rc6 Qe4+ 53. Nf3+ Kh5 54. c8Q 1-0

[Event "Quebec-ch"]
[Site "Quebec"]
[Date "1994.??.??"]
[Round "2"]
[White "Lesiege, Alexandre"]
[Black "Beregovoy, Alexander"]
[Result "1-0"]
[WhiteElo "2460"]
[BlackElo "2305"]
[PlyCount "119"]
[EventDate "1994.??.??"]
[EventType "tourn"]
[EventRounds "9"]
[EventCountry "CAN"]
[EventCategory "2"]
[SourceTitle "EXT 1997"]
[Source "ChessBase"]
[SourceDate "1996.11.15"]
[SourceVersion "1"]
[SourceVersionDate "1996.11.15"]
[SourceQuality "1"]

1. e4 e5 2. Nf3 Nc6 3. Bc4 Be7 4. d4 d6 5. h3 Nf6 6. Nc3 0-0 7. 0-0 exd4 8. Nxd4 Ne5 9. Be2 c5 10. Nf3 b6 11. Bf4 Bb7 12. Nd2 a6 13. a4 Re8 14. Bxe5 dxe5 15. Bc4 Bf8 16. Qe2 Qc7 17. Rfd1 h6 18. Nf1 Red8 19. Rxd8 Qxd8 20. Rd1 Qc7 21. Qd3 Be7 22. Ne3 Rd8 23. Ned5 Nxd5 24. Bxd5 c4 25. Qe2 Bc5 26. Bxc4 Rxd1+ 27. Nxd1 a5 28. Qd3 Bd4 29. c3 Bc5 30. Kf1 Bc6 31. b3 Qe7 32. Bd5 Be8 33. Qd2 Qd6 34. Nb2 Qe7 35. Nd3 Bd6 36. Nb2 Bc5 37. Nd3 Bd6 38. Qe3 Qc7 39. Bc4 Kf8 40. Nb2 Bc5 41. Qd2 Qe7 42. Bb5 Kg8 43. Bxe8 Qxe8 44. Qd5 Qe7 45. Nd3 Bd6 46. Qc6 Qd8 47. Ke2 Bc7 48. Nb2 Bd6 49. Nc4 Bc7 50. Ne3 Bd6 51. Nd5 Bc5 52. b4 axb4 53. cxb4 Bd4 54. Qc8 Qxc8 55. Ne7+ Kf8 56. Nxc8 Ke8 57. Nd6+ Kd7 58. Nb5 Ba1 59. Kd2 f5 60. f3 1-0

[Event "Quebec-ch"]
[Site "Quebec"]
[Date "1994.??.??"]
[Round "7"]
[White "Leveille, Francois"]
[Black "Beregovoy, Alexander"]
[Result "1-0"]
[WhiteElo "2330"]
[BlackElo "2305"]
[PlyCount "95"]
[EventDate "1994.??.??"]
[EventType "tourn"]
[EventRounds "9"]
[EventCountry "CAN"]
[EventCategory "2"]
[SourceTitle "EXT 1997"]
[Source "ChessBase"]
[SourceDate "1996.11.15"]
[SourceVersion "1"]
[SourceVersionDate "1996.11.15"]
[SourceQuality "1"]

1. e4 Nf6 2. e5 Nd5 3. d4 d6 4. Nf3 Bg4 5. Be2 e6 6. 0-0 Be7 7. c4 Nb6 8. Nc3 0-0 9. h3 Bh5 10. Be3 a5 11. exd6 cxd6 12. Nh2 Bxe2 13. Qxe2 d5 14. b3 Nc6 15. Nf3 Bb4 16. Nb5 Be7 17. Rfd1 Na7 18. Nxa7 Rxa7 19. c5 Nd7 20. a3 Qc7 21. b4 axb4 22. axb4 Rfa8 23. Rxa7 Rxa7 24. Rc1 Bf6 25. b5 Ra8 26. Qd2 h6 27. Bf4 Qc8 28. Qb4 g5 29. Be5 Be7 30. Qb1 Ra4 31. Bg3 Bf6 32. Kh2 Nb8 33. Qb3 Ra8 34. Be5 Be7 35. Qc2 Bd8 36. g3 Bc7 37. h4 Ra3 38. Kg2 g4 39. Nh2 h5 40. Qd2 Bxe5 41. dxe5 Qd8 42. Qh6 d4 43. Qxh5 Qd5+ 44. Kg1 d3 45. Nxg4 Nd7 46. Nh6+ Kg7 47. Qxf7+ Kxh6 48. g4 1-0

[Event "Montreal-ch"]
[Site "Montreal"]
[Date "1993.09.06"]
[Round "5"]
[White "Leriche, Felix"]
[Black "Beregovoy, Alexander"]
[Result "1/2-1/2"]
[WhiteElo "2056"]
[BlackElo "2329"]
[PlyCount "97"]
[EventDate "1993.09.04"]
[EventType "swiss"]
[EventRounds "5"]
[EventCountry "CAN"]
[SourceTitle "EXT 2022"]
[Source "ChessBase"]
[SourceDate "2021.10.06"]
[SourceVersion "1"]
[SourceVersionDate "2021.10.06"]
[SourceQuality "1"]

1. e4 Nf6 2. e5 Nd5 3. d4 d6 4. c4 Nb6 5. f4 dxe5 6. fxe5 Bf5 7. Nc3 e6 8. Nf3 Be7 9. Be3 0-0 10. Be2 f6 11. 0-0 Nc6 12. exf6 Bxf6 13. Qd2 Qe7 14. Rad1 Rad8 15. Qe1 Rd7 16. Rd2 Rfd8 17. Qf2 h6 18. Rfd1 Kh8 19. h3 Bh7 20. a3 Na5 21. c5 Nbc4 22. Bxc4 Nxc4 23. Re2 Qf7 24. Ree1 Na5 25. Qe2 Nc6 26. Qc4 Ne7 27. Bf2 Nd5 28. Bg3 Bf5 29. Ne5 Bxe5 30. Bxe5 Qg6 31. Kh2 Rf7 32. Nxd5 exd5 33. Qc3 Be4 34. Qg3 Qxg3+ 35. Kxg3 Rdf8 36. Rd2 Kh7 37. Ree2 g5 38. Rf2 h5 39. Rxf7+ Rxf7 40. h4 Kg6 41. hxg5 Kxg5 42. Kh2 c6 43. Kg1 b6 44. cxb6 axb6 45. Rf2 Rxf2 46. Kxf2 Kf5 47. Bc7 b5 48. Bd6 Bd3 49. Ke3 1/2-1/2

[Event "Quebec op"]
[Site "Montreal"]
[Date "1993.08.06"]
[Round "7"]
[White "Beregovoy, Alexander"]
[Black "Barbeau, Sylvain"]
[Result "1-0"]
[WhiteElo "2319"]
[BlackElo "2347"]
[PlyCount "113"]
[EventDate "1993.07.31"]
[EventType "swiss"]
[EventRounds "8"]
[EventCountry "CAN"]
[SourceTitle "EXT 2022"]
[Source "ChessBase"]
[SourceDate "2021.10.06"]
[SourceVersion "1"]
[SourceVersionDate "2021.10.06"]
[SourceQuality "1"]

1. Nf3 c5 2. e3 Nf6 3. b3 b6 4. Bb2 Bb7 5. d4 e6 6. Bd3 d6 7. Nbd2 Be7 8. 0-0 0-0 9. Qe2 Nbd7 10. Rad1 Rc8 11. c4 Rc7 12. Ng5 h6 13. Nge4 d5 14. Ng3 cxd4 15. exd4 dxc4 16. bxc4 b5 17. f4 bxc4 18. Nxc4 Nb6 19. Nxb6 axb6 20. f5 Bd5 21. fxe6 fxe6 22. Nh5 Nxh5 23. Qxh5 Rf6 24. Rxf6 Bxf6 25. Qg6 Ra7 26. a3 Bc6 27. d5 Bxb2 28. Qxe6+ Rf7 29. dxc6 Kf8 30. c7 Rxc7 31. Rf1+ Bf6 32. Bh7 Rc5 33. h3 Qd4+ 34. Kh1 Re5 35. Qg8+ Ke7 36. Bg6 Re3 37. Rc1 Kd6 38. Qb8+ Kd5 39. Bf7+ Ke4 40. Bg6+ Kd5 41. Qb7+ Ke5 42. Qc7+ Qd6 43. Qc8 Qe6 44. Qb8+ Qd6 45. Qe8+ Qe6 46. Qb5+ Qd5 47. Qxb6 Rxh3+ 48. Kg1 Bd8 49. Re1+ Kf4 50. Qf2+ Kg5 51. gxh3 Kxg6 52. Qg2+ Qxg2+ 53. Kxg2 Kf6 54. a4 Ba5 55. Rb1 Ke6 56. Rb5 Bc3 57. a5 1-0

[Event "Montreal op de"]
[Site "Montreal"]
[Date "1993.05.23"]
[Round "5"]
[White "Leveille, Francois"]
[Black "Beregovoy, Alexander"]
[Result "1-0"]
[WhiteElo "2345"]
[BlackElo "2322"]
[PlyCount "105"]
[EventDate "1993.05.21"]
[EventType "swiss"]
[EventRounds "5"]
[EventCountry "CAN"]
[SourceTitle "EXT 2022"]
[Source "ChessBase"]
[SourceDate "2021.10.06"]
[SourceVersion "1"]
[SourceVersionDate "2021.10.06"]
[SourceQuality "1"]

1. e4 Nf6 2. e5 Nd5 3. d4 d6 4. Nf3 Bg4 5. Be2 e6 6. 0-0 Be7 7. c4 Nb6 8. h3 Bh5 9. Nc3 0-0 10. Be3 d5 11. cxd5 exd5 12. g4 Bg6 13. Nd2 f6 14. exf6 Bxf6 15. f4 c5 16. Nf3 Nc6 17. f5 cxd4 18. Nxd4 Nxd4 19. Bxd4 Bxd4+ 20. Qxd4 Qh4 21. Qd3 Bf7 22. Kg2 Rae8 23. Bf3 Re5 24. b3 Rfe8 25. Rad1 Qf6 26. Qd4 h6 27. Rf2 Qg5 28. Kh2 Kh7 29. Nb5 Nc8 30. Nc7 R8e7 31. Ne6 Bxe6 32. Qxe5 Bf7 33. Qd4 Nd6 34. f6 gxf6 35. Bxd5 Kg7 36. Bg2 Nb5 37. Qf4 Qh4 38. Rdf1 Re6 39. Bxb7 Rb6 40. Bg2 Nc3 41. Qg3 Qxg3+ 42. Kxg3 Ra6 43. Rc2 Nxa2 44. Rc7 Nb4 45. Rd1 f5 46. Rdd7 f4+ 47. Kxf4 Rf6+ 48. Ke5 a5 49. Bd5 Nxd5 50. Rxf7+ Rxf7 51. Rxf7+ Kxf7 52. Kxd5 Kf6 53. h4 1-0

[Event "Quebec op"]
[Site "Montreal"]
[Date "1992.08.07"]
[Round "7"]
[White "Beregovoy, Alexander"]
[Black "Gravel, Simon M"]
[Result "1/2-1/2"]
[WhiteElo "2397"]
[BlackElo "2073"]
[PlyCount "112"]
[EventDate "1992.07.31"]
[EventType "swiss"]
[EventRounds "8"]
[EventCountry "CAN"]
[SourceTitle "EXT 2022"]
[Source "ChessBase"]
[SourceDate "2021.10.06"]
[SourceVersion "1"]
[SourceVersionDate "2021.10.06"]
[SourceQuality "1"]

1. d4 f5 2. e4 fxe4 3. Nc3 Nf6 4. Bg5 b6 5. Bxf6 exf6 6. Qh5+ g6 7. Qd5 c6 8. Qxe4+ Qe7 9. Be2 Qxe4 10. Nxe4 Kf7 11. 0-0-0 d5 12. Ng3 Na6 13. h4 h5 14. Kb1 Nc7 15. Nf1 Bh6 16. g3 Re8 17. Nh2 Re7 18. Bd3 Ba6 19. Bxa6 Nxa6 20. f4 Rae8 21. Nhf3 Nc7 22. Rh2 Nb5 23. Rf2 Nd6 24. Rc1 Nf5 25. Rg2 c5 26. dxc5 bxc5 27. c3 Re4 28. b3 R8e7 29. Kb2 a5 30. Rb1 a4 31. bxa4 Ne3 32. Rh2 Rxa4 33. Ka1 Bg7 34. Re2 d4 35. cxd4 cxd4 36. Rbe1 f5 37. Ne5+ Bxe5 38. fxe5 Rxe5 39. Nf3 Rea5 40. Nxd4 Nd5 41. Nf3 Ra7 42. Rc1 Nb4 43. Rc4 Kg7 44. Ng5 Rd7 45. Rc7 Rxc7 46. Ne6+ Kf6 47. Nxc7 Rxa2+ 48. Rxa2 Nxa2 49. Kxa2 Ke5 50. Kb3 Ke4 51. Ne6 Kf3 52. Nf4 Kxg3 53. Nxg6 f4 54. Kc3 f3 55. Kd2 Kg2 56. Nf4+ Kg3 1/2-1/2

[Event "Quebec op"]
[Site "Montreal"]
[Date "1992.08.05"]
[Round "5"]
[White "Gulko, Boris F"]
[Black "Beregovoy, Alexander"]
[Result "1-0"]
[WhiteElo "2620"]
[BlackElo "2397"]
[PlyCount "115"]
[EventDate "1992.07.31"]
[EventType "swiss"]
[EventRounds "8"]
[EventCountry "CAN"]
[SourceTitle "EXT 2022"]
[Source "ChessBase"]
[SourceDate "2021.10.06"]
[SourceVersion "1"]
[SourceVersionDate "2021.10.06"]
[SourceQuality "1"]

1. c4 e5 2. g3 Nc6 3. Bg2 g6 4. Nc3 Bg7 5. d3 Nge7 6. e4 d6 7. Nge2 0-0 8. 0-0 Be6 9. Nd5 Qd7 10. Be3 f5 11. Qd2 Nd8 12. Rac1 c5 13. b4 Bxd5 14. cxd5 b6 15. f4 Nf7 16. bxc5 bxc5 17. fxe5 Nxe5 18. Nf4 Rfb8 19. d4 cxd4 20. Bxd4 Rc8 21. Ne6 Bf6 22. h3 Rxc1 23. Rxc1 Rc8 24. Rxc8+ Qxc8 25. Bxa7 fxe4 26. Bxe4 Qc4 27. Qc2 Qxc2 28. Bxc2 Nxd5 29. Bb3 Ne7 30. a4 Kh8 31. a5 N7c6 32. Bb6 Nb4 33. Kf2 Nd7 34. Bc7 Be5 35. Bc4 d5 36. Bb5 Bxc7 37. Nxc7 Nc5 38. a6 Ne4+ 39. Kg2 Nxa6 40. Bxa6 Nf6 41. Kf3 Kg8 42. Nxd5 Nd7 43. Kf4 Kg7 44. Bb5 Nc5 45. Ke5 Nb3 46. Nc3 Nd2 47. Be2 Nb3 48. Ne4 Na5 49. Kd5 Nb7 50. Nc5 Na5 51. Kd6 Kf6 52. Bd3 h6 53. Kc7 Ke5 54. Kb6 Kd4 55. Kxa5 Kxc5 56. Bxg6 Kd4 57. Kb5 Ke3 58. Bh5 1-0